000 00850nam a2200301 a 4500
003 AR-BaBNM
005 20251128202736.0
008 082120s2002 ||||||||||||||000 | spa||
020 _a84-7100-394-7
040 _cAR-BaBNM
100 1 _aRodríguez Cruz, Agueda María
245 0 0 _aLa universidad en la América Hispánica
250 _a1ª ed.
260 _aMadrid
_bMapfre
_c1992
300 _a354 p.
_bmapas, il., láms.
490 0 _aRealidades americanas
_vv. 6
500 _aApéndices para consultar p. 313-348.
650 4 _aMISIONES JESUITICAS
650 4 _aMISIONES RELIGIOSAS
650 4 _aHISTORIA SOCIAL
650 4 _aHISTORIA CULTURAL
650 4 _aUNIVERSIDADES
650 4 _aCOLEGIOS UNIVERSITARIOS
651 4 _aAmérica Latina
800 1 _aGallego, José Andrés
_ecoordinador
942 _cBK
998 _cmariana
999 _c350
_d350